Un atlas : (Record no. 1370)

MARC details
000 -LEADER
campo de control de longitud fija 01115nam a22002417a 4500
008 - DATOS DE LONGITUD FIJA--INFORMACIÓN GENERAL
campo de control de longitud fija 171125s2012 ck||||| |||| 00| 0 spa d
020 ## - NÚMERO INTERNACIONAL ESTÁNDAR DEL LIBRO
Número Internacional Estándar del Libro 9789587612370
082 04 - NÚMERO DE LA CLASIFICACIÓN DECIMAL DEWEY
Número de clasificación 731.2
Número de ítem G984a
100 1# - ENTRADA PRINCIPAL--NOMBRE DE PERSONA
Nombre de persona Gutiérrez, Natalia.
9 (RLIN) 1109
245 13 - MENCIÓN DEL TÍTULO
Título Un atlas :
Resto del título la obra de Rosario López /
Mención de responsabilidad, etc. Natalia Gutiérrez, Scott McLeod y Rosario López.
250 ## - MENCION DE EDICION
Mención de edición 1a edición.
260 ## - PUBLICACIÓN, DISTRIBUCIÓN, ETC.
Lugar de publicación, distribución, etc. Bogotá, Colombia :
Nombre del editor, distribuidor, etc. Universidad Nacional de Colombia,
Fecha de publicación, distribución, etc. 2012.
300 ## - DESCRIPCIÓN FÍSICA
Extensión 223 páginas :
Otras características físicas ilustraciones en color.
505 0# - NOTA DE CONTENIDO CON FORMATO
Título Un atlas: la obra de Rosario López / An atlas: works by Rosario López
Mención de responsabilidad Natalia Gutiérrez.
Título Abierto y cerrado: el paisaje y la galería en la obra de Rosario López / Open and closed: landscape and the gallery in the work of Rosario López
Mención de responsabilidad Scott Mcleod.
Título Hacer visible lo invisible: Rosario López / Making visible the invisible
Mención de responsabilidad Rosario López.
653 10 - TÉRMINO DE INDIZACIÓN--NO CONTROLADO
Término no controlado Arte contemporáneo
653 10 - TÉRMINO DE INDIZACIÓN--NO CONTROLADO
Término no controlado Arte - Colombia
653 10 - TÉRMINO DE INDIZACIÓN--NO CONTROLADO
Término no controlado Escultura
653 10 - TÉRMINO DE INDIZACIÓN--NO CONTROLADO
Término no controlado Instalación
653 10 - TÉRMINO DE INDIZACIÓN--NO CONTROLADO
Término no controlado Fotografía
653 10 - TÉRMINO DE INDIZACIÓN--NO CONTROLADO
Término no controlado Biografías artísticas
700 1# - ENTRADA AGREGADA--NOMBRE PERSONAL
Nombre de persona McLeod, Scott.
9 (RLIN) 6117
700 1# - ENTRADA AGREGADA--NOMBRE PERSONAL
Nombre de persona López, Rosario.
9 (RLIN) 6118
Holdings
Estatus retirado Estado de pérdida Fuente del sistema de clasificación o colocación Estado de daño No para préstamo Biblioteca de origen Biblioteca actual Ubicación en estantería Fecha de adquisición Total de préstamos Signatura topográfica completa Código de barras Visto por última vez Fecha del último préstamo Precio de reemplazo Tipo de ítem Koha
    Clasificación Decimal Dewey     Biblioteca LadoV Biblioteca LadoV   25/11/2017 1 731.2 G984a 004518 04/12/2019 06/02/2019 25/11/2017 Material 01